00549nam a22001932a 450000100060000000300080000600500170001400800410003103500190007204000370009104100080012808200220013610000210015824500780017926000310025730000310028865000170031970000190033616670BD-RjUL20211209000034.0140215t1951 enkaf 000 0 eng d a(BD-RjUL)16725 aDLCcXBMdUKMdEQOdBD-RjULbeng aeng04a796.355bFIH 19511 aFison, Robert Y.00aHockey /cby R. Y. Fison and R. L. Hollands. Foreword by Sir Leslie Rowan aLondon :bN. Kaye,cc1951. a158 p. :billus. ;c19 cm. 0aField hockey1 aHollands, R.L.